000 00618 a2200193 4500
005 20250626111744.0
010 _aENG-145575
020 _a9789384741075
_c250.00
035 _aEN-129107
037 _bDBAD
082 1 4 _a133.6
_21
100 _aGoverdhan
_982370
245 1 _aCheiro's Palmistry:
_bIn Indian Perspective/
_cGoverdhan
260 _aNew Delhi
_bBhardwaj Publishing House
_c2015
270 _a40 A ,Subhash Park Extention 2, Uttam Nagar
_bNew Delhi
_e110059
_mbphdelhi@gmail.com
_k9999375914
300 _a174p.:
_c21cm(hb)
700 _970554
942 _adpl
_cEN
_2ddc
_h133.6
_mGOV
_e1
999 _c211963
_d211963